| 000 | 00633nam a2200205Ia 4500 | ||
|---|---|---|---|
| 003 | GCL | ||
| 008 | 140319s9999 xx 000 0 ara d | ||
| 040 |
_aGCL / _cGCL |
||
| 082 | 0 | 4 |
_a962.07 _bا ى |
| 100 | 1 | _aاحمد بهاءالدين | |
| 245 | 1 | 0 |
_aيوميات هذا الزمان / _cاحمد بهاءالدين |
| 260 |
_a[S.N] : _bلجنة الاعلام والدراسات المستقبلية ، _c1991 |
||
| 300 | _a201 ص | ||
| 490 | _a | ||
| 650 | 0 | 4 | _aمجلس الشعب |
| 650 | 0 | 4 | _aالوطنية |
| 650 | 0 | 4 | _aنهر النيل |
| 650 | 0 | 4 | _aمصر - الاحوال الاجتماعية |
| 942 |
_2ddc _cBK |
||
| 999 |
_c31576 _d31576 |
||